000 00603nam a2200205 i 4500
001 96839
003 ES-MaACL
005 20250316204107.0
007 t|
008 050701s1955 sp ||||1| cat d
100 0 _aMann, Thomas,
_d1875-1955
_976055
245 1 0 _aTonio Kröger /
_cThomas Mann; traducció directa de l'alemany de Guillem Nadal.
260 _aPalma de Mallorca :
_bMoll,
_c1955.
300 _a128 p. ;
_c15 cm.
490 1 _aRaixa
700 1 _aNadal, Guillem.
_984794
830 0 _aRaixa
_9181953
852 _aES-MaACL
_jC-14317
_bR.38273
999 _c96839
_d96839